Rôles de Wolvesville - Statistiques

Statistiques générales
  • Ce quiz a été pris 119 fois
  • Le résultat moyen est 66 sur 104
Statistiques - réponses
Hint Réponse % Correct
Autre Rôle Villageois
98%
Rôle de Base Voyante
95%
Rôle Avancé Sorcier
90%
Rôle Avancé | Rôle de Base Fou
86%
Rôle de Base Garde du Corps
86%
Rôle de Base Geôlier
86%
Rôle de Base Pyromane
86%
Rôle de Base Sentinelle
86%
Rôle de Base Détective
83%
Rôle de Base Docteur
83%
Rôle Avancé Tireur
83%
Rôle de Base Voyante d'Aura
83%
Rôle Avancé Bodybuilder
81%
Rôle de Base Loup-Voyant
81%
Rôle Avancé Voyante d'Esprit
81%
Rôle Avancé Boucher
79%
Rôle de Base Cupidon
79%
Rôle de Base Loup-Alpha
79%
Rôle de Base Médium
79%
Rôle Avancé Ritualiste
79%
Rôle de Base Sorcière
79%
Rôle Avancé Chevalier Noir
76%
Rôle de Base Corrupteur
76%
Rôle de Base Enfant Fleur
76%
Rôle de Base Jeune Loup
76%
Rôle de Base Loup-Gardien
76%
Autre Rôle Loup-Garou
76%
Rôle de Base Chasseur de Bêtes
74%
Rôle Avancé | Rôle de Base Chasseur de Têtes
74%
Rôle de Base Commère
74%
Rôle de Base Loup-Cauchemar
74%
Rôle de Base Maire
74%
Rôle Avancé Forgeron
71%
Rôle Avancé Apprentie Voyante
69%
Rôle Avancé Bombardier
69%
Rôle Avancé Boulanger
69%
Rôle Avancé Dame Blanche
69%
Rôle Avancé Gardien de Nuit
69%
Rôle Avancé Gourou
69%
Rôle Avancé Illusionniste
69%
Rôle Avancé Loup-Chaton
69%
Rôle de Base Loup de l'Ombre
69%
Rôle Avancé Loup-Devin
69%
Rôle Avancé Sirène
69%
Rôle de Base Tueur en Série
69%
Rôle de Base Loup-Chaman
67%
Rôle Avancé Pacifiste
67%
Rôle Avancé Prestidigitateur
67%
Rôle de Base Shérif
67%
Rôle Avancé Vengeur
67%
Rôle de Base Villageois Maudit
67%
Rôle Avancé Zombie
67%
Rôle de Base Bandit
64%
Rôle de Base Courtisane
64%
Rôle Avancé Loup-Influenceur
64%
Rôle Avancé Parieur
64%
Rôle de Base Prêtre
64%
Rôle Avancé Violoniste
64%
Rôle Avancé Astronome
62%
Rôle Avancé Cannibale
62%
Rôle Avancé Détective Malfaisant
62%
Rôle Avancé Instigateur
62%
Rôle Avancé Juge
62%
Rôle Avancé Loup-Têtu
62%
Rôle Avancé Tireur d'Élite
62%
Rôle Avancé Alchimiste
60%
Rôle Avancé Fan des Loups
60%
Rôle Avancé Loup Pacifiste
60%
Rôle Avancé Loup-Ragan
60%
Rôle Avancé Analyste
57%
Rôle Avancé Garnement
57%
Rôle Avancé Loup-Berserker
57%
Rôle Avancé Loup-Invocateur
57%
Rôle Avancé Loup-Parasite
57%
Rôle Avancé Loup-Vaudou
57%
Rôle Saisonnier Père Noël
57%
Rôle Avancé Trappeur
57%
Rôle Avancé Loup des Marais
55%
Rôle Avancé Loup-Gélatineux
55%
Rôle Avancé Loup-Toxique
55%
Rôle Avancé Médecin Légiste
55%
Rôle Avancé Pilleur de Tombe
55%
Rôle Avancé Réfractaire
55%
Rôle Avancé Fi-Loup
50%
Rôle Avancé Loup-Confus
50%
Rôle Avancé Loup-Nécrologue
50%
Rôle Avancé Rôdeur
50%
Rôle Saisonnier Lapin de Pâques
48%
Rôle Avancé Pasteur
48%
Autre Rôle Président
48%
Rôle Avancé Grand-mère Grincheuse
43%
Rôle Avancé Liseur de Bonne Aventure
43%
Rôle Avancé Carillonneur
36%
Hors Catégorie Complice
36%
Rôle Saisonnier Potiroi de l'Épouvante
36%
Hors Catégorie Assassin
21%
Autre Rôle Hasard
21%
Autre Rôle Tueur aléatoire
21%
Autre Rôle Loup-Garou au hasard
19%
Autre Rôle Villageois puissant au hasard
19%
Autre Rôle Villageois standard au hasard
17%
Autre Rôle Rôle aléatoire basé sur le vote
14%
Aucun quiz correspondant
Distribution des résultats
% des personnes avec chaque résultat
Percentile par nombre de réponses
Votre historique - résultats
Vous n’avez pas pris ce quiz